| 000 | 00841nam a2200217Ii 4500 | ||
|---|---|---|---|
| 003 | JO-AjNU | ||
| 008 | 230605s9999||||xx |||||||||||||| ||und|| | ||
| 017 | _a2001/10888 | ||
| 020 | _a977-01-7274-X | ||
| 040 |
_aJO-AjNU _bara _erda _cJO-AjNU |
||
| 041 | _aara | ||
| 050 | 1 | 4 | _aAM7.2001 |
| 100 | 3 |
_aسانتيانا،جورج ، بدوي،محمد مصطفى/ترجمة ، محمود،زكي نجيب/مراجعة وتقديم ،عناني،محمد/تحرير, _eauthor _912776 |
|
| 245 | 0 | 0 | _aالإحساس بالجمال :تخطيط النظرية في علم الجمال |
| 264 | 3 | 1 | _aالقاهرة:الهيئة المصرية العامة للكتاب ،2001 |
| 300 | _a368ص | ||
| 336 |
_atext _btxt _2rdacontent |
||
| 337 |
_aunmediated _bn _2rdamedia |
||
| 338 |
_avolume _bnc _2rdacarrier |
||
| 650 | 4 |
_aجمال -علم _912777 |
|
| 999 |
_aA3006 _c6574 _d6574 |
||